Normal view
MARC view
- AUTONOMOUS MOBILE ROBOTS
Entry Topical Term
001 - CONTROL NUMBER
- control field: 68469
003 - CONTROL NUMBER IDENTIFIER
- control field: NUST
005 - DATE AND TIME OF LATEST TRANSACTION
- control field: 20210628204043.0
008 - FIXED-LENGTH DATA ELEMENTS
- fixed length control field: 210628|| aca||aabn | a|a d
040 ## - CATALOGING SOURCE
- Original cataloging agency: NUST
- Transcribing agency: NUST
150 ## - HEADING--TOPICAL TERM
- Topical term or geographic name entry element: AUTONOMOUS MOBILE ROBOTS
670 ## - SOURCE DATA FOUND
- Source citation: Work cat.: (NUST): Siegwart, Roland, Nourbakhsh, Illah R, Scaramuzza, Davide 68468, Introduction to autonomous mobile robots, 2004
